Faculty of Law Library — Cairo University

Official Online Catalog

Conflict of laws : (Record no. 64099)

MARC details
000 -LEADER
fixed length control field 01166cam a2200373 i 4500
003 - CONTROL NUMBER IDENTIFIER
control field EG-GICUC
005 - DATE AND TIME OF LATEST TRANSACTION
control field 20260224082233.0
008 - FIXED-LENGTH DATA ELEMENTS--GENERAL INFORMATION
fixed length control field 810422s1981 mnu frb 001 0 eng d
020 ## - INTERNATIONAL STANDARD BOOK NUMBER
Canceled/invalid ISBN 0314594932 :
Terms of availability $23.95
040 ## - CATALOGING SOURCE
Original cataloging agency DLC
Transcribing agency DLC
Modifying agency DLC
-- EG-GICUC
Language of cataloging eng
Description conventions rda
043 ## - GEOGRAPHIC AREA CODE
Geographic area code n-us---
050 00 - LIBRARY OF CONGRESS CALL NUMBER
Classification number KF410
Item number .C7 1981
082 00 - DEWEY DECIMAL CLASSIFICATION NUMBER
Classification number 341.84
Edition number 21
092 04 - LOCALLY ASSIGNED DEWEY CALL NUMBER (OCLC)
Edition number 21
099 ## - LOCAL FREE-TEXT CALL NUMBER (OCLC)
Classification number Law 12 1981
100 1# - MAIN ENTRY--PERSONAL NAME
Personal name Cramton, Roger C.
245 10 - TITLE STATEMENT
Title Conflict of laws :
Remainder of title cases, comments, questions /
Statement of responsibility, etc. by Roger C. Cramton, David P. Currie, and Herma Hill Kay.
250 ## - EDITION STATEMENT
Edition statement 3rd edition.
264 ## - PRODUCTION, PUBLICATION, DISTRIBUTION, MANUFACTURE, AND COPYRIGHT NOTICE
Place of production, publication, distribution, manufacture St. Paul, Minn. :
Name of producer, publisher, distributor, manufacturer West Pub. Co.,
Date of production, publication, distribution, manufacture, or copyright notice 1981.
300 ## - PHYSICAL DESCRIPTION
Extent lix, 1026 page ;
Dimensions 26 cm.
Other physical details ,
336 ## - CONTENT TYPE
Content type term text
Source rdacontent
337 ## - MEDIA TYPE
Media type term Computer
Source rdamedia
338 ## - CARRIER TYPE
Carrier type term Online Resource
Source rdacarrier
440 #0 - SERIES STATEMENT/ADDED ENTRY--TITLE
Title American casebook series
500 ## - GENERAL NOTE
General note Includes index.
504 ## - BIBLIOGRAPHY, ETC. NOTE
Bibliography, etc. note Bibliography: pages 200-250.
650 #0 - SUBJECT ADDED ENTRY--TOPICAL TERM
Topical term or geographic name entry element Conflict of laws
Geographic subdivision United States
General subdivision Cases.
Source of heading or term qrmak
651 1# - SUBJECT ADDED ENTRY--GEOGRAPHIC NAME
Source of heading or term qrmak
700 1# - ADDED ENTRY--PERSONAL NAME
Personal name Currie, David P.
700 1# - ADDED ENTRY--PERSONAL NAME
Personal name Kay, Herma Hill.
856 40 - ELECTRONIC LOCATION AND ACCESS
Uniform Resource Identifier <a href="https://fll.law.cu.edu.eg/fulltext/bks/ENGB12-00022.pdf">https://fll.law.cu.edu.eg/fulltext/bks/ENGB12-00022.pdf</a>
905 ## - Cataloger and Reviser Names
Cataloger Name: Hend El khosy
942 ## - ADDED ENTRY ELEMENTS (KOHA)
Source of classification or shelving scheme Dewey Decimal Classification
Koha item type Books
Edition 21
Suppress in OPAC No
Holdings
Withdrawn status Lost status Source of classification or shelving scheme Damaged status Not for loan Collection Home library Current library Date acquired Total checkouts Full call number Barcode Date last seen Copy number Price effective from Koha item type Public note
    Dewey Decimal Classification     القانون الدولي الخاص جــــامعة القــاهرة مكتبة كلية الحقوق - فـرع الشيخ زايد 24.02.2026   Law2 12 341.84 CR . C 3 ed - 1981 1200022 C1 ENGB12-00022 24.02.2026 1 24.02.2026 Books 2161

© All rights reserved — Faculty of Law, Cairo University